Gedächtnisschrift für Nikos S. Fotakis
| Contributors: | ; |
|---|---|
| Format: | Print Book |
| Language: | Ancient Greek German |
| Published: |
Athen
Sakkoulas Verlag
1997
|
| In: | Year: 1997 |
| Availability in Tübingen: | Present in Tübingen. IFK: M IX 177 |
| Check availability: | HBZ Gateway |
| Subito Delivery Service: | Order now. |
| Volumes / Articles: | Show volumes/articles. |
| Keywords: |
MARC
| LEADER | 00000cam a22000002c 4500 | ||
|---|---|---|---|
| 001 | 1622262611 | ||
| 003 | DE-627 | ||
| 005 | 20220606123034.0 | ||
| 007 | tu | ||
| 008 | 980427s1997 xx ||||| 00| ||grc c | ||
| 020 | |a 9602325836 |9 960-232-583-6 | ||
| 035 | |a (DE-627)1622262611 | ||
| 035 | |a (DE-576)065543734 | ||
| 035 | |a (DE-599)BSZ065543734 | ||
| 040 | |a DE-627 |b ger |c DE-627 |e rakwb | ||
| 041 | |a grc |a ger | ||
| 245 | 0 | 0 | |a Gedächtnisschrift für Nikos S. Fotakis |c hrsg. v. L. Kotsalis |
| 264 | 1 | |a Athen |b Sakkoulas Verlag |c 1997 | |
| 300 | |a 300 S. | ||
| 336 | |a Text |b txt |2 rdacontent | ||
| 337 | |a ohne Hilfsmittel zu benutzen |b n |2 rdamedia | ||
| 338 | |a Band |b nc |2 rdacarrier | ||
| 500 | |a Festschrift Nikos S. Fotakis | ||
| 583 | 1 | |a Archivierung prüfen |c 20200919 |f DE-640 |z 1 |2 pdager | |
| 655 | 7 | |a Festschrift |0 (DE-588)4016928-5 |0 (DE-627)104400986 |0 (DE-576)208917802 |2 gnd-content | |
| 700 | 1 | |a Kotsalēs, Leōnidas G. |d 1947- |e Hrsg. |0 (DE-588)172211093 |0 (DE-627)697124363 |0 (DE-576)161803008 |4 edt | |
| 700 | 1 | |a Fotakis, Nikos S. |e GefeierteR |4 hnr | |
| 951 | |a BO | ||
| ELC | |b 1 | ||
| LOK | |0 000 xxxxxcx a22 zn 4500 | ||
| LOK | |0 001 3244725090 | ||
| LOK | |0 003 DE-627 | ||
| LOK | |0 004 1622262611 | ||
| LOK | |0 005 20020607000000 | ||
| LOK | |0 008 980427||||||||||||||||ger||||||| | ||
| LOK | |0 040 |a DE-21-110 |c DE-627 |d DE-21-110 | ||
| LOK | |0 852 |a DE-21-110 | ||
| LOK | |0 852 1 |c M IX 177 |m p |9 00 | ||
| LOK | |0 935 |a k110 | ||
| LOK | |0 936ln |a 8.6.6 | ||
| LOK | |0 938 |k p | ||
| LOK | |0 939 |a 27-04-98 |b l01 | ||
| ORI | |a SA-MARC-krimdoka001.raw | ||
| SIG | |a IFK: M IX 177 | ||
| SPR | |a 1 |t KRI | ||
